Wheel of Time characters with F initials - Statistics

General Stats
  • This quiz has been taken 78 times
  • The average score is 7 of 15
Answer Stats
Hint Answer % Correct
FB The wife of Perrin Aybara Faile Bashere
100%
FP The Empress of Seanchan, may she live forever Fortuona Paendrag
90%
FK A Seanchan member of the Deathwatch Guards Furyk Karede
79%
FN An Asha'man who helped create Mah'alleinir Fager Neald
77%
FM An Asha'man poisoned by Rand al'Thor Fedwin Morr
74%
FO A young Aes Sedai of the Blue Ajah Faolain Orande
64%
FG Former crewman in Domon's Spray Floran Gelb
44%
FS Black Ajah sister sworn to Rand al'Thor Fera Sormen
38%
FL A Two Rivers farmer whose farm was attacked by Trollocs Flann Lewin
33%
FD A Sitter for the Green Ajah Faiselle Darone
31%
FH Aes Sedai of the Green Ajah and part of the Salidar embassy to Rand al'Thor Faeldrin Harella
21%
FJ A member of the Knitting Circle Famelle Juarde
8%
FT The husband of Lind, innkeeper of The Great Gathering at the Black Tower Frask Taglien
8%
FR A former soldier who managed Lord Aedmun Matherin’s estate in Andor Fridwyn Ros
5%
FA One of Seonid Traighan's Warders Furen Alharra
5%
No matching quizzes found
Score Distribution
Percent of People with Each Score
Percentile by Number Answered
Your Score History
You have not taken this quiz